LEADER 03312nam 2200625 a 450 001 996202085303316 005 20230111234523.0 010 $a1-280-78335-4 010 $a9786613693747 010 $a0-470-72002-6 010 $a0-470-71769-6 035 $a(CKB)1000000000688065 035 $a(EBL)703844 035 $a(OCoLC)797918292 035 $a(SSID)ssj0000715067 035 $a(PQKBManifestationID)11416300 035 $a(PQKBTitleCode)TC0000715067 035 $a(PQKBWorkID)10700467 035 $a(PQKB)10432594 035 $a(MiAaPQ)EBC703844 035 $a(Au-PeEL)EBL703844 035 $a(CaPaEBR)ebr10575525 035 $a(CaONFJC)MIL369374 035 $a(EXLCZ)991000000000688065 100 $a20740429d1973 uy 0 101 0 $aeng 135 $aur|n|---||||| 181 $ctxt$2rdacontent 182 $cc$2rdamedia 183 $acr$2rdacarrier 200 14$aThe human lens - in relation to cataract 210 $aAmsterdam ;$aNew York $cElsevier$d1973 215 $a1 online resource (336 pages) 225 1 $aCiba Foundation symposium (new series) ;$v19 300 $a"Symposium on the Human Lens--in Relation to Cataract held at the Ciba Foundation, London, 30th January-1st February 1973"--Participants page. 311 0 $a0-470-66312-X 311 0 $a90-219-4020-5 320 $aIncludes bibliographical references and indexes. 327 $aThe Human Lens- in Relation to Cataract; Contents; Chairman's introduction; The effects of the ageing lens on vision; Discussion; Morpho-logical changes of the lens with age and cataract; Discussion; Lens changes responsible for increased light scattering in some types of senile cataract; Discussion; General Discussion I Lens change with age and cataract: slit-image photo-graphy; Differences in proteins and in the water balance of the lens in nuclear and cortical types of senile cataract; Discussion; Role of membranes in controlling ion and water movements in the lens; Discussion 327 $aEnzyme activity patterns in clear human lenses and in different types of human senile cataract.Discussion; Membrane lipids and proteins in ageing lens and cataract; Discussion; The glucoside of 3-hydroxykynurenine and other fluorescent compounds in the human lens; Discussion; Oxidation of thiol groups of the human lens; Discussion; Preliminary observations upon the proteins of the human lens; Discussion; Low molecular weight proteins of the lens; Discussion; Immunological studies on normal and pathological lenses; Discussion; Miotic-induced cataract; Discussion; Cataract in Punjab; Discussion 327 $aProblems of cataract epidemiology with special reference to diabetesDiscussion; General Discussion II Classification of cataract; Chairman's concluding remarks; Index of contributors; Subject index 410 0$aCiba Foundation symposium ;$vnew ser. 19. 606 $aCrystalline lens$vCongresses 606 $aCataract$vCongresses 615 0$aCrystalline lens 615 0$aCataract 676 $a617.7/42 712 12$aSymposium on the Human Lens--in Relation to Cataract 801 0$bMiAaPQ 801 1$bMiAaPQ 801 2$bMiAaPQ 906 $aBOOK 912 $a996202085303316 996 $aThe human lens - in relation to cataract$92190299 997 $aUNISA